000 00468nam a22001577a 4500
020 _a9780124077263
040 _cNUST
082 _a004.22 PAT
100 _aPatterson, David A.
110 _aHennessy, John L.
_983772
245 _aComputer Organization and Design:
_bThe Hardware/Software Interface
250 _a5th Edition
260 _aUnited States of America:
_bMorgan Kaufmann,
_c2014.
650 _aComputer Organization and Design
_9711
942 _2ddc
_cBK
999 _c590024
_d590024